Κατάλογος Βιβλιοθηκών Mediterranean College

Εισαγωγή σε Ζητήματα Κοινωνιογλωσσολογίας / Τρίτη Αναθεωρημένη Έκδοση (Record no. 5690)

MARC details
000 -LEADER
fixed length control field 01725cam a22002174a 4500
005 - ΗΜΕΡΟΜΗΝΙΑ ΚΑΙ ΩΡΑ ΤΕΛΕΥΤΑΙΑΣ ΕΝΗΜΕΡΩΣΗΣ
Πεδίο ελέγχου 20250605164219.0
008 - FIXED-LENGTH DATA ELEMENTS--GENERAL INFORMATION
Πεδίο ελέγχου σταθερού μήκους 250528s ||||||||||||||||||||||||d
035 ## - SYSTEM CONTROL NUMBER
System control number 20599
020 ## - ISBN
ISBN 9608711487
040 ## - ΠΗΓΗ ΚΑΤΑΛΟΓΟΓΡΑΦΗΣΗΣ
Φορέας πρωτότυπης καταλογογράφησης MC Athens Campus Library
Γλώσσα καταλογογράφησης Ελληνικά, Μοντέρνα (1453-)
Modifying agency MC Athens Campus Library
Κανόνες περιγραφικής καταλογογράφησης AACR2
245 1# - ΤΙΤΛΟΣ ΚΑΙ ΔΗΛΩΣΗ ΥΠΕΥΘΥΝΟΤΗΤΑΣ
Τίτλος Εισαγωγή σε Ζητήματα Κοινωνιογλωσσολογίας / Τρίτη Αναθεωρημένη Έκδοση
250 ## - EDITION STATEMENT
Edition statement
260 ## - PUBLICATION, DISTRIBUTION, ETC.
Name of publisher, distributor, etc. Νήσος,
Date of publication, distribution, etc. 2011
300 ## - PHYSICAL DESCRIPTION
Extent 242
520 ## - SUMMARY, ETC.
Summary, etc. Το βιβλίο αυτό αποτελεί εισαγωγή στην Κοινωνιογλωσσολογία. Πρόλογος, Χαρτογράφηση της Κοινωνιογλωσσολογίας, Βασικές Θέσεις της Κυρίαρχης Γλωσσολογίας, Η Αμφισβήτηση της Κυρίαρχης Γλωσσολογίας, Διαστάσεις Γλωσσικής Ποικιλότητας, Γεωγραφική Γλωσσική Διαφοροποίηση, Περιστάσεις Επικοινωνίας και Λειτουργικές Ποικιλίες, Συνύπαρξη και Επαφή Γλωσσών, Διπλογλωσσία και Πολυγλωσσία, Κοινωνιογλωσσική Ανισότητα, Γλωσσικές Προκαταλήψεις στο Σχολέιο, Ζητήματα Κοινωνιογλωσσολογικής Έρευνας, Βασικές Τεχνικές Συλλογής Κοινωνιογλωσσολογικού Υλικού, Βιβλιογραφία, Ευρετήριο Όρων και Ονομάτων.
700 1# - ΠΡΟΣΘΕΤΗ ΑΝΑΓΡΑΦΗ--ΦΥΣΙΚΟ ΠΡΟΣΩΠΟ
Personal name Αρχάκης Αργύρης
9 (RLIN) 6561
700 1# - ΠΡΟΣΘΕΤΗ ΑΝΑΓΡΑΦΗ--ΦΥΣΙΚΟ ΠΡΟΣΩΠΟ
Personal name Κονδύλη Μαριάννα
9 (RLIN) 4117
942 ## - ADDED ENTRY ELEMENTS (KOHA)
Koha item type Books
Holdings
Τύπος τεκμηρίου Βιβλιοθήκη Τρέχουσα τοποθεσία Barcode Αριθμός εισαγωγής Ημερομηνία απόκτησης Ταξιθετικό σύμβολο Αριθμός αντιτύπου Κατάσταση απόσυρσης Κατάσταση χαμένου Κατάσταση κατεστραμμένου Μη δανεισμός Σύνολο δανεισμών Ημερομηνία τελευταίας εμφάνισης Η τιμή ισχύει από
Books MC Athens Campus Library MC Athens Campus Library 9780000056894 7112 05/06/2025 306.44 ARH 1           05/06/2025 05/06/2025

MC Athens Campus Library
Πατησίων 94 & Κοδριγκτώνος 13, 104 34
Πελλήνης 8 & Πατησίων 107, 112 51
Τ: +30 210 8899600

MC Thessaloniki Campus Library
Ίωνος Δραγούμη 21, 54625 | Ίωνος Δραγούμη 15, 54625
Τ: +30 2310 287779 – Τ: +30 2314 440300